Personnages Disney : énigmes - Statistiques

Statistiques générales
  • Ce quiz a été pris 250 fois
  • Le résultat moyen est 24 sur 83
Statistiques - réponses
Description Personnages % Correct
Sais lire l'anglais-parler le baleine Dory
70%
Si tout les pétales de la rose tombent avant qu'IL ai trouvé l'amour La Bête
64%
Chevelure Raiponce
55%
Froid-Glace-Neige Elsa
52%
Mi-humaine-Mi-poisson Ariel
50%
Amie des animaux-Pantoufle de verre Cendrillon
50%
Demi-Dieu-Fort Hercule
49%
Mon cow-boy préféré Woody
49%
Peau blanche-lèvres rouges Blanche-Neige
48%
Elevée par 3 fées-un peu étourdie Aurore
47%
Ours un poil trop heureux Baloo
47%
Animal des égouts épris de cuisine Remy
47%
Pantin Pinocchio
46%
Homme de la jungle Tarzan
46%
Créature bleue de Hawaï Stitch
45%
Moustique-L'épée dans l'enclume Arthur
44%
Fée un peut trop ambitieuse Clochette
44%
Enfant à jamais Peter Pan
44%
Voiture trop compétitrice Flash McQueen
43%
Nouveau né aux grandes oreilles Dumbo
42%
Homme recueilli par des louves Mowgli
42%
Petit poisson d'Australie Nemo
42%
Renard Rox
42%
Guerrier-Guerrière Mulan
41%
R.O.B.O.T. Wall-e
41%
Souris avide d'aventure Bianca
40%
Lapin en retard Lapin blanc
40%
Grosse brut en 2D Ralph
38%
Chatte distinguée Duchesse
37%
Petite chatte rêveuse-amoureuse Marie
37%
Dragon-Mal Maléfique
36%
Sorcier un peu fou Merlin
36%
"Un jour quelle horreur il compris que son odeur" Pumbaa
35%
Musique-Mort-Interdit Coco
32%
Petit Ours-Seul Koda
32%
Chienne aux longues oreilles rousses Lady
32%
Chien aux tâches convoitées par une diablesse Pongo
32%
Hockey-Emotions-Iles Riley
31%
Le cycle de la vie ne peut être rompu Simba
31%
Chien de cinéma-Chien de rue Volt
31%
Empereur des temps anciens Kuzco
30%
Amis pour la vie-Chasseur Rouky
30%
Aime la lecture...et son papa Belle
29%
Vieux créateur d'horloges Geppetto
28%
Un arc-Une flèche Robin
28%
Maître d'un chien amoureux Roger
27%
Ville d'animaux-Lapin de campagne Judy
26%
"Un diamant d'innocence" Aladdin
25%
Robot-Santé-Héros Baymax
25%
Anglais conquérant John Smith
25%
Lapin qui ne mange pas les feuilles de trefles Panpan
24%
Petit chat roux-Veut vivre chez les humains Oliver
23%
Souris-Agent d'entretien Bernard
22%
Souris sociable et maligne-Transformée en cheval Jaq
22%
Nouveau né apprenant à marcher Bambi
21%
Princesse pas si libre que ça Merida
21%
Toujours là pour aider-vole aux riches, donne aux pauvres Petit Jean
21%
Sauver le monde grâce à une pierre Vaiana
20%
Nounou aux joues roses Mary Poppins
19%
Pomme un peu trop rouge La méchante reine
18%
Créature verte-La plus drôle de toutes Bob Razowski
17%
Souris fan de cacahuètes-Monsieur loyal Timothy
17%
Avide d'argent Picsou
16%
Hère dans les rues-Rôdeur Le Clochard
13%
Fils aussi fou que son papa-Chien ado Max
12%
"Poisson lune" Polochon
12%
Super--Fort Mr Indestructible
11%
Laideur-Douceur Quasimodo
11%
Vit sa vie à New York City Roublard
11%
Exigeante-Rêve de liberté Jasmine
10%
Un chien trop fou mais qu'on aime Dingo
9%
Souris innovatrice Mickey Mouse
9%
Un collier-Un anglais Pocahontas
8%
Canetons curieux (s) Riri Fifi et Loulou
8%
Rêveuse Alice
7%
Femme souris d'une souris innovtrice Minnie Mouse
5%
Pirate dans l'âme et la génétique William Turner
4%
Rien n'est trop grand-Fossette Tiana
3%
Vieillard têtu Carl Fredricksen
2%
Poulet malchaceux-mignon Petit Poulet
2%
Pays imaginaire-éclaireuse Nix
1%
Amoureux d'une voie Prince Philippe
1%
2 frères-Aime les contes Wendy Darling
1%
Aucun quiz correspondant
Distribution des résultats
% des personnes avec chaque résultat
Percentile par nombre de réponses
Votre historique - résultats
Vous n’avez pas pris ce quiz